000 00730cab a2200217 4500
001 WB2630-01
008 090401t1990 xxu||||| |||| 00| 0 eng d
035 _a(Sirsi) u28960
041 _aeng
245 _aAggregate sales down
260 _c1990
350 _a0
490 _aFinancial Times
_v2/8/90 p8
520 _aSales of aggregates have fallen considerably, according to the British Aggregate Construction Materials Industries , although increased roadbuilding has off-set, to some extent, the loss through fewer property development s.
650 _aBUILT ENVIRONMENT-BUILDING MATERIALS
650 _aCONCRETE
650 _aSAND AND GRAVEL
690 _aBUILT ENVIRONMENT
942 _n0
948 _c04/03/1997
999 _c19486
_d19486